NBA Starters 2018–2019 - Statistics

General Stats
  • This quiz has been taken 14,927 times
  • The average score is 74 of 150
Answer Stats
Team Pos Player % Correct
76ers C Joel Embiid
92%
76ers PG Ben Simmons
89%
Lakers SF LeBron James
89%
Bucks SF Giannis Antetokounmpo
86%
Warriors SG Klay Thompson
85%
Warriors PG Stephen Curry
85%
Warriors PF Draymond Green
83%
Cavaliers C Tristan Thompson
83%
Raptors SG Danny Green
82%
Rockets PG James Harden
82%
Grizzlies PF JaMychal Green
82%
Celtics PG Kyrie Irving
82%
Timberwolves SG Jimmy Butler
81%
Warriors SF Kevin Durant
81%
Pelicans PF Anthony Davis
80%
Rockets PG Chris Paul
80%
Raptors SF Kawhi Leonard
80%
Suns SG Devin Booker
77%
Hornets PG Kemba Walker
76%
Thunder SF Paul George
76%
Trail Blazers PG Damian Lillard
75%
Spurs SG DeMar DeRozan
75%
Nuggets C Nikola Jokic
75%
Grizzlies C Marc Gasol
74%
Wizards PG John Wall
73%
Raptors PG Kyle Lowry
73%
Celtics PF Jayson Tatum
72%
Timberwolves PF Karl-Anthony Towns
72%
Pistons PF Blake Griffin
71%
Bucks C Brook Lopez
71%
Jazz SG Donovan Mitchell
71%
Nuggets SG Gary Harris
71%
Nets SF Joe Harris
71%
Jazz C Rudy Gobert
71%
Clippers SF Tobias Harris
71%
Hawks PG Trae Young
71%
Celtics SF Jaylen Brown
70%
Cavaliers PF Kevin Love
70%
Pacers PF Thaddeus Young
70%
Wizards SG Bradley Beal
69%
Pistons SG Bruce Brown
69%
Nets PG D'Angelo Russell
69%
Nuggets PG Jamal Murray
69%
Bucks SF Khris Middleton
69%
Celtics C Al Horford
68%
Bulls PG Zach LaVine
68%
Thunder C Steven Adams
67%
Mavericks PG Dennis Smith Jr.
66%
Mavericks SF Dorian Finney-Smith
66%
Trail Blazers SG CJ McCollum
65%
Kings PG De'Aaron Fox
64%
Pelicans PG Jrue Holiday
64%
Bulls SF Justin Holiday
64%
Rockets C Clint Capela
63%
Heat C Hassan Whiteside
63%
Spurs PF LaMarcus Aldridge
63%
Mavericks SF Luka Doncic
63%
Grizzlies PG Mike Conley
63%
Pacers SG Victor Oladipo
63%
Magic PF Aaron Gordon
62%
Celtics SF Gordon Hayward
62%
Pistons C Andre Drummond
61%
Bucks PG Eric Bledsoe
61%
Lakers PG Rajon Rondo
61%
Timberwolves SF Andrew Wiggins
60%
Heat PG Goran Dragic
60%
Suns C Deandre Ayton
59%
Lakers C JaVale McGee
59%
Pistons PG Reggie Jackson
58%
Lakers SF Brandon Ingram
57%
Jazz PG Ricky Rubio
57%
Hornets PF Marvin Williams
55%
Pacers C Myles Turner
54%
Mavericks C DeAndre Jordan
53%
Nets C Jarrett Allen
53%
Trail Blazers C Jusuf Nurkic
53%
Raptors C Jonas Valanciunas
50%
Magic C Nikola Vucevic
50%
76ers SF Robert Covington
50%
Bucks PG Malcolm Brogdon
48%
Raptors PF Pascal Siakam
48%
Nuggets PF Paul Millsap
47%
Jazz SF Joe Ingles
46%
Kings SG Buddy Hield
45%
Wizards SF Otto Porter
45%
76ers PF Dario Saric
44%
Timberwolves PG Jeff Teague
44%
76ers PG Markelle Fultz
44%
Rockets SF PJ Tucker
42%
Pacers SF Bojan Bogdanovic
41%
Hawks SF Vince Carter
41%
Bulls PF Wendell Carter Jr.
41%
Cavaliers PG George Hill
40%
Clippers C Marcin Gortat
40%
Clippers PG Patrick Beverley
40%
Thunder PG Dennis Schroder
39%
Lakers SG K. Caldwell-Pope
39%
Heat SG Josh Richardson
38%
Hornets SF Nicolas Batum
38%
Suns SF Trevor Ariza
37%
Nets SG Caris LeVert
36%
Jazz PF Derrick Favors
36%
Hornets C Cody Zeller
34%
Warriors C Damian Jones
34%
Heat SF Derrick Jones Jr.
34%
Knicks SG Tim Hardaway
34%
Knicks C Enes Kanter
33%
Kings C Willie Cauley-Stein
33%
Magic SG Evan Fournier
32%
Wizards PF Markieff Morris
32%
Spurs SF Rudy Gay
31%
Pacers PG Darren Collison
30%
Timberwolves PF Taj Gibson
30%
Hornets SG Jeremy Lamb
29%
Knicks SF Lance Thomas
29%
Clippers SF Danilo Gallinari
28%
Pelicans PG Elfrid Payton
28%
Nuggets SG Will Barton
28%
Trail Blazers PF Al-Farouq Aminu
27%
Cavaliers SF Cedi Osman
26%
Pelicans PF Nikola Mirotic
26%
Cavaliers SG Rodney Hood
24%
Suns PF Ryan Anderson
24%
Magic PG D.J. Augustin
23%
Spurs C Jakob Poeltl
22%
Hawks C Alex Len
21%
Clippers SG Avery Bradley
21%
Hawks SF Taurean Prince
20%
Mavericks SG Wesley Matthews
20%
Bulls PF Bobby Portis
19%
Pelicans SG E'Twaun Moore
19%
Hawks SG Kent Bazemore
19%
Knicks PG Frank Ntilikina
17%
Magic PF Jonathan Isaac
16%
Spurs PG Bryn Forbes
15%
Thunder SG Terrance Ferguson
15%
Thunder PF Patrick Patterson
13%
Knicks PG Trey Burke
13%
Bulls PG Cameron Payne
11%
Pistons SG Luke Kennard
11%
Grizzlies SF Chandler Parsons
10%
Nets SF Jared Dudley
10%
Rockets SF James Ennis III
9%
Kings PF Nemanja Bjelica
9%
Heat SF Rodney McGruder
8%
Grizzlies SG Garrett Temple
6%
Wizards C Ian Mahinmi
6%
Suns PG Isaiah Canaan
6%
Trail Blazers SF Jake Layman
5%
Kings PG Yogi Ferrell
5%
No matching quizzes found
Score Distribution
Percent of People with Each Score
Percentile by Number Answered
Your Score History
You have not taken this quiz